000 00973cam a2200325Ma 4500
001 78594
003 BJBSDDR
005 20240904163148.0
007 ta
008 950803s1994 it b 000 0 ita d
020 _a9788834840184
020 _a8834840186
035 _a(OCoLC)ocn123244491
035 _a(OCoLC)123244491
040 _aItFiC
_cSTF
_dOCLCG
_beng
041 0 _aita
050 1 4 _aR K 52
_bB663c 1994
082 1 4 _a340
100 1 _aBobbio, Norberto,
_d1909-2004
_934485
245 1 0 _aContributi ad un dizionario giuridico /
_cNorberto Bobbio.
260 _aTorino :
_bG. Giappichelli Editore,
_cc1994.
300 _axxiv, 365 pages ;
_c23 cm.
490 1 _aAnalisi e diritto. Serie teorica ;
_v15
500 _aCollection of already published writings.
650 0 _aLaw
_xLanguage.
650 4 _aDerecho
_vDiccionarios y enciclopedias
_938289
830 0 _aAnalisi e diritto.
_pSerie teorica ;
_v15
_938288
942 _2lcc
_cBK
946 _aJCM
999 _c61072
_d61072